00523 2200217 4500001002100000005001500021035002000036007000300056008004100059020001800100082001000118084001600128100001600144245003600160250001000196260003700206300002900243650001000272990001100282990001200293INLIS00000000001107120220714014656 a0010-0322000250ta220714 g 0 ind  a9789791477680 a646.3 a646.3 YUN t0 aRATNA,Biliq1 aPadu Padan Batik /cBiliq Ratna aCet 1 aJakarta; :bKriya Pustaka,c2009 a60 hlm :b.ilus ;c26 cm 4aBatik a3531 a a014.456